000
00249nam a2200109Ia 4500
008
220204s9999 xx 000 0 und d
082
_a
065
_b
BAL
100
_a
M
245
0
_a
Business communications
260
_a
New Delhi
_b
Vikas
_c
1979
942
_c
BK
999
_c
31329
_d
31329